000 01445nam2a22003251 4500
001 RU\NLR\A1SV\120087
005 20251203152403.2
035 _a(NLR Aleph) 010440766
090 _a13488925
_c13488925
100 _a20130711d1923 u y0rusy50 ca
101 0 _arus
200 0 _aI
_fСб. ст.: М.А.Блох, В.Я.Курбатова, Ф.Ю.Левинсон-Лессинга, С.Ф.Ольденбурга, В.Л.Омелянского, В.Савича, А.Е.Ферсмана
215 _a218 с.
320 _aБиблиогр.: С.152-155
461 1 _1001RU\NLR\A1SV\120085
_12000#$vI
_99889582
_cПг.
_d1923
_nНауч. хим.-техн. изд-во Науч.-техн. отд. ВСНХ
_o[Сб. ст. о худож., науч. и техн. творчестве]
_tТворчество
_vI
702 1 _aБлох
_bМ. А.
702 1 _aКурбатов
_bВ. Я.
702 1 _aЛевинсон-Лессинг
_bФ. Ю.
_f1861-1939
_gФранц Юльевич
702 1 _4070
_7ca
_8rus
_aОльденбург
_bС. Ф.
_f1863-1934
_gСергей Федорович
_956007
_3RU\NLR\AUTH\7773079
702 1 _aОмелянский
_bВ. Л.
_f1867-1928
_gВасилий Леонидович
702 1 _aСавич
_bВ.
702 1 _aФерсман
_bА. Е.
801 0 _aRU
_bNLR
_c20130711
852 _aNLR
_j2/243
852 _aNLR
_j2/243а
852 _aNLR
_jМф К1/88751
942 _cBOOK
980 _aA1SV
980 _aNB